European security and the Soviet problem summary (Record no. 212490)

MARC details
000 -LEADER
fixed length control field 00318nam a2200133Ia 4500
008 - FIXED-LENGTH DATA ELEMENTS--GENERAL INFORMATION
fixed length control field 230917s9999||||xx |||||||||||||| ||und||
020 ## - ISBN
Price POU4.75
040 ## - CATALOGING SOURCE
-- 8982
Original cataloging agency VIVEKANANDA LIBRARY
041 ## - Language
-- English
082 ## - DDC NUMBER
Classification number 327.47 I7E
245 #0 - TITLE STATEMENT
Title European security and the Soviet problem summary
300 ## - PHYSICAL DESCRIPTION
Pages 64 p.
942 ## - ADDED ENTRY ELEMENTS (KOHA)
Koha item type Books
Holdings
Withdrawn status Lost status Damaged status Not for loan Location (home branch) Sublocation or collection (holding branch) Date acquired Koha issues (times borrowed) Koha full call number Accession No. Koha date last seen Koha item type
        VIVEKANANDA LIBRARY VIVEKANANDA LIBRARY 08/08/2002   327.47 I7E 75659 17/09/2023 Books
© Designed and Maintained by Vivekananda Library, MDU Rohtak